| 000 | 00510nam a2200181Ia 4500 | ||
|---|---|---|---|
| 999 |
_c21555 _d21555 |
||
| 003 | OSt | ||
| 005 | 20200623124720.0 | ||
| 008 | 190216s9999||||xx |||||||||||||| ||und|| | ||
| 020 | _a9780195679663 | ||
| 040 | _coclc | ||
| 082 |
_a954.56 _bPAN/Q |
||
| 100 |
_aPande, B M _93134 |
||
| 245 | 0 |
_aQutb Minar And Its Monuments / _cB M Pande |
|
| 260 |
_bOxford University Press, _c2006. _aNew Delhi: |
||
| 300 | _a95p | ||
| 650 | _aHistory | ||
| 942 |
_cBK _2ddc _h954.56 _iPAN/Q _k954.56 _mPAN/Q |
||